Vodárenství I
Gespeichert in:
| Hauptverfasser: | , |
|---|---|
| Format: | Buch |
| Sprache: | Tschechisch |
| Veröffentlicht: |
Praha :
SNTL,
1970
|
| Tags: |
Keine Tags, Fügen Sie das erste Tag hinzu!
|
MARC
| LEADER | 00000nam a22000003a 4500 | ||
|---|---|---|---|
| 001 | stu224494 | ||
| 005 | 20150617225737.2 | ||
| 008 | 110427s1970----cs------------------cze-d | ||
| 040 | |a STU |b slo | ||
| 041 | 0 | |a cze | |
| 044 | |a cs | ||
| 100 | 1 | |a Roth, Jaroslav |4 aut | |
| 245 | 1 | |a Vodárenství I | |
| 260 | |a Praha : |b SNTL, |c 1970 | ||
| 300 | |a 316 s | ||
| 700 | 1 | |a Kroupa, Pavel |4 aut | |
| 996 | |b 284V034140 |c V*7365/O-792 I.a |l VVS |s A |a 24 |w stu224494_0001 | ||
| 996 | |b 284V028052 |c V*7365/O-792 I |l VVT |s A |a 24 |w stu224494_0002 | ||